| 000 | 01245nam a22002537a 4500 | ||
|---|---|---|---|
| 003 | OSt | ||
| 005 | 20220316101039.0 | ||
| 008 | 120710t xxu||||| |||| 00| 0 eng d | ||
| 020 | _a9781544115221 | ||
| 020 | _a1544115229 | ||
| 040 | _cLC | ||
| 050 | _aHD30.213.B66 | ||
| 100 | _aBoateng, Richard | ||
| 245 |
_aInformation technology policy and strategy. / _cRichard Boateng |
||
| 250 | _aWorkbook ed. | ||
| 260 |
_aCharleston, SC: _bCreateSpace, _c2017. |
||
| 300 |
_axii, 226 p.: _bill.; |
||
| 500 | _aIncludes index | ||
| 505 | _aContents: Information technology policy in organizations -- Types and examples of IT/IS policies -- IT/IS policy development and implementation -- IT/IS strategy -- Examples of IT/IS strategies -- Linking policy to strategy: e-governance in Senegal -- Strategic management theories -- Model examination questions -- | ||
| 520 | _aThe book aims at introducing readers to how organizations and institutions develop information system strategies and corresponding policies to govern the development, deployment and use of information systems [Preface] | ||
| 650 | _aManagement information systems -- Planning. | ||
| 650 | _aInformation storage and retrieval systems -- Business. | ||
| 942 |
_2lcc _cBK |
||
| 999 |
_c7486 _d14986 |
||